| 000 | 00869nmm a2200265 a 4500 | ||
|---|---|---|---|
| 001 | ocm0002347380 | ||
| 003 | TR-IsHL | ||
| 005 | 20201028184730.0 | ||
| 008 | 190516s2019 tu eng | ||
| 007 | cr cn | ||
| 020 | _a9786057861382 | ||
| 035 |
_a2347380 _b(N$T) |
||
| 050 | 0 | 4 |
_aPN6728.4 _b.P64 2019 |
| 090 | 0 | 4 |
_aPN6728.4 _b.P64 2019 |
| 100 | 1 | _aPoe, Edgar Allan | |
| 245 | 1 | 0 |
_aThe pit and the pendulum _h[electronic resource] / _cEdgar Allan Poe |
| 260 |
_aİstanbul : _be-Kitap Projesi & Cheapest Books, _c2019 |
||
| 300 | _a33 p. | ||
| 650 | 4 | _aDil ve Edebiyat | |
| 650 | 4 | _aLanguage and Literature | |
| 650 | 0 | _aAmerikan masalları | |
| 650 | 0 | _aAmerican tales | |
| 650 | 7 |
_aJUVENILE FICTION / Fairy Tales & Folklore / General _2bisacsh |
|
| 856 | 4 | 0 | _uhttp://search.ebscohost.com/login.aspx?direct=true&scope=site&db=e011xww&AN=2347380 |
| 999 |
_c21138 _d21138 |
||